| 000 | 00930nam a2200241 i 4500 | ||
|---|---|---|---|
| 001 | 171970 | ||
| 003 | ES-MaACL | ||
| 005 | 20250808062820.0 | ||
| 008 | 090610s1985 sp |||| | spa d | ||
| 017 | _aM 24527-1985 | ||
| 020 | _a84-220-1197-2 | ||
| 100 | 0 |
_aFrancisco de Sales _cSanto. _952194 |
|
| 245 | 1 | 0 |
_aMeditaciones sobre la Iglesia _b: (controversias) / _cSan Francisco de Sales ; estudio introductorio y traducción, Valentín Viguera Franco ; prólogo de Antonio Montero. |
| 260 |
_aMadrid : _bLa Editorial Católica, _c1985. |
||
| 300 |
_aXXIII, 357 p., 1 h. ; _c20 cm. |
||
| 490 | 1 |
_aBiblioteca de autores cristianos ; _v468 |
|
| 594 | _aTraducción de : Les controverses. | ||
| 700 | 1 |
_aViguera Franco, Valentín. _9140579 |
|
| 700 | 0 |
_aMontero Moreno, Antonio, _d1928- _982533 |
|
| 830 | 0 | 0 |
_aBiblioteca de autores cristianos _v468 _9178679 |
| 852 |
_aES-MaACL _jJ-457 _9R.46092 |
||
| 999 |
_c171970 _d171970 |
||